| 000 | 00821nam a22001937a 4500 | ||
|---|---|---|---|
| 999 |
_c61443 _d61443 |
||
| 005 | 20240313173309.0 | ||
| 008 | 240313s1976 ru ||||| |||| 00| 0 rus d | ||
| 041 | _arus | ||
| 080 | _a002.2(035) K-78 | ||
| 245 |
_aКраткий справочник книголюба / _cАвторы разделов: З.А. Антипина, К.М. Биткова, М.Б. Васильева [и др.]; |
||
| 264 |
_aМосква : _bКнига, _c1976. |
||
| 300 |
_a192 с. : _bрис. ; _c22 см. |
||
| 653 | _aწიგნმცოდნეობა | ||
| 653 | _aცნობარები | ||
| 700 |
_aАнтипина, З.А. _cავტორი _921424 |
||
| 700 |
_aБиткова, К.М. _eავტორი _921425 |
||
| 700 |
_aВасильева, М.Б. и др. _eავტორი. _921426 |
||
| 942 |
_2udc _cBK |
||